Información ASG en las empresas del índice de sustentabilidad ByMA (Registro nro. 12832)

Detalles MARC
000 -LEADER
fixed length control field 00428 a2200133 4500
001 - CONTROL NUMBER
control field ART_57933
005 - DATE AND TIME OF LATEST TRANSACTION
control field 20260410161635.0
008 - FIXED-LENGTH DATA ELEMENTS--GENERAL INFORMATION
fixed length control field 260409a
100 1# - MAIN ENTRY--PERSONAL NAME
Personal name D´Onofrio, Paula Alejandra
245 10 - TITLE STATEMENT
Title Información ASG en las empresas del índice de sustentabilidad ByMA
700 1# - ADDED ENTRY--PERSONAL NAME
Personal name Santiago, María Isabel
700 1# - ADDED ENTRY--PERSONAL NAME
Personal name Panario Centeno, María Marta
773 0# - HOST ITEM ENTRY
Title Enfoques
Related parts - N° 2 (feb. 2023)
Record control number REV416

No hay ítems disponibles.